000
00308nam a2200121Ia 4500
005
20251222141953.0
008
251222s9999||||xx |||||||||||||| ||spa||
082
_a
370.154/R93
100
_a
Ruiz A., Javieromar
245
0
_a
Dinámicas de Grupo para la Educación Popular
264
_b
Aguabrava
942
_c
LIB
999
_c
9755
_d
9755